书目信息 |
| 题名: |
录音艺术 (录音工程方向) 应试技巧
|
|
| 作者: | 袁媛, , 王轶 编著 | |
| 分册: | ||
| 出版信息: | 上海 上海音乐出版社 2016 |
|
| 页数: | 147页 | |
| 开本: | 24cm | |
| 丛书名: | 艺考强化训练丛书 | |
| 单 册: | ||
| 中图分类: | TN912.12 | |
| 科图分类: | ||
| 主题词: | 录音--lu yin--技术--高等学校--入学考试--自学参考资料 | |
| 电子资源: | ||
| ISBN: | 978-7-5523-1166-2 | |
| 000 | 01374nam 2200289 450 | |
| 001 | 012001004076 | |
| 005 | 20140102103828.0 | |
| 010 | @a978-7-5523-1166-2@dCNY28.00 | |
| 099 | @aCAL 012018053038 | |
| 100 | @a20170307d2016 em y0chiy50 ea | |
| 101 | 0 | @achi |
| 102 | @aCN@b310000 | |
| 105 | @aag z 000yy | |
| 106 | @ar | |
| 200 | 1 | @a录音艺术 (录音工程方向) 应试技巧@Alu yin yi shu ( lu yin gong cheng fang xiang ) ying shi ji qiao@f袁媛, 王轶编著 |
| 210 | @a上海@c上海音乐出版社@c上海文艺音像电子出版社@d2016 | |
| 215 | @a147页@c图@d24cm | |
| 225 | 2 | @a艺考强化训练丛书@Ayi kao qiang hua xun lian cong shu |
| 314 | @a袁媛, 山东淄博人, 1981年4月生, 中国传媒大学博士。王轶, 2003年毕业北京广播学院录音艺术专业音响导演方向。 | |
| 330 | @a本书详细介绍了全国十所音乐艺术类院校录音艺术专业的情况和招生信息介绍, 并针对这十所院校的办学特色, 从专业考试、面试技巧、文化课考试等几个方面详细讲解了应试技巧。书中附有录音基础知识、视唱谱例和高考分数线等大量实用的参考材料, 可作为考生的考前辅导用书。另附由本书作者讲解的教学视频, 制作成二维码, 可使用手机扫码观看, 与本书内容相辅相成。 | |
| 410 | 0 | @12001 @a艺考强化训练丛书 |
| 606 | 0 | @a录音@Alu yin@x技术@x高等学校@x入学考试@j自学参考资料 |
| 690 | @aTN912.12@v5 | |
| 701 | 0 | @a袁媛,@Ayuan yuan@f1981-@4编著 |
| 701 | 0 | @a王轶@Awang yi@4编著 |
| 801 | @b江苏凤凰@c20191020 | |
| 905 | @b1237865-70@dTN912.12@e86@f6 | |
| 录音艺术 (录音工程方向) 应试技巧/袁媛, 王轶编著.-上海:上海音乐出版社:上海文艺音像电子出版社,2016 |
| 147页:图;24cm.-(艺考强化训练丛书) |
| ISBN 978-7-5523-1166-2:CNY28.00 |
| 本书详细介绍了全国十所音乐艺术类院校录音艺术专业的情况和招生信息介绍, 并针对这十所院校的办学特色, 从专业考试、面试技巧、文化课考试等几个方面详细讲解了应试技巧。书中附有录音基础知识、视唱谱例和高考分数线等大量实用的参考材料, 可作为考生的考前辅导用书。另附由本书作者讲解的教学视频, 制作成二维码, 可使用手机扫码观看, 与本书内容相辅相成。 |
| ● |
| 相关链接 |
|
|
|
|
正题名:录音艺术 (录音工程方向) 应试技巧
索取号:TN912.12/86
 
预约/预借
| 序号 | 登录号 | 条形码 | 馆藏地/架位号 | 状态 | 备注 |
| 1 | 1237865 | 212378657 | 第二样本阅览室/ [索取号:TN912.12/86] | 在馆 | |
| 2 | 1237866 | 212378666 | 第三借阅区/ [索取号:TN912.12/86] | 在馆 | |
| 3 | 1237867 | 212378675 | 第三借阅区/ [索取号:TN912.12/86] | 在馆 | |
| 4 | 1237868 | 212378684 | 教育系资料室/ [索取号:TN912.12/86] | 在馆 | |
| 5 | 1237869 | 212378693 | 教育系资料室/ [索取号:TN912.12/86] | 在馆 | |
| 6 | 1237870 | 212378700 | 教育系资料室/ [索取号:TN912.12/86] | 在馆 |